| 000 | 00554nam a2200217 a 4500 | ||
|---|---|---|---|
| 999 |
_c5095 _d5095 |
||
| 001 | 5095 | ||
| 003 | BD-JhCC | ||
| 005 | 20171209092609.0 | ||
| 008 | 171209s1986 u |||| || | 001 0 eng d | ||
| 035 | _a(BD-JhCC)5095 | ||
| 040 |
_aBD-JhCC _dBD-JhCC |
||
| 041 | _aeng | ||
| 082 |
_a650.14 _bTHA 1986 |
||
| 100 | _aThain. Richard J. | ||
| 245 |
_aThink Twice Before You Accept That Job / _cRichard J. Thain. |
||
| 260 |
_aUSA : _bDow Jones-Irwin, _c1986. |
||
| 300 |
_a167 p. : _c23 cm. |
||
| 650 | _aJob Offers | ||
| 942 |
_2ddc _cBK |
||